|
|
|
|
| LEADER |
00000nam a2200000 a 4500 |
| 001 |
vtls008323063 |
| 003 |
SK-MaSNL |
| 005 |
20260302074319.0 |
| 008 |
181127s1959 xo 000 slo |
| 015 |
|
|
|a SKSNBA1959/04-00633
|
| 035 |
|
|
|a SK01SNK19590015280
|
| 035 |
|
|
|a SKM000017743
|
| 040 |
|
|
|a SNK
|b slo
|c SNK
|e AACR2
|
| 041 |
1 |
|
|a slo
|
| 044 |
|
|
|a xo
|c SK
|
| 080 |
|
|
|a 621.397(035)
|2 1981
|
| 100 |
1 |
|
|a Kožehuba, Ján,
|d 1921-
|4 aut
|9 191297
|
| 245 |
1 |
0 |
|a Televízny poradca
|c Ján Kožehuba
|
| 250 |
|
|
|a 2. preprac. a dopl. vyd.
|
| 260 |
|
|
|a Bratislava
|b SVTL
|c 1959
|e Brno
|f Tisk
|
| 300 |
|
|
|a 206, [1] s., [1] obr. príl.
|c 8°
|
| 490 |
1 |
|
|a Edícia elektrotechnickej literatúry
|
| 500 |
|
|
|a Ilustr. Pozn. Lit. Tab.
|
| 563 |
|
|
|a 9200 výtl.
|
| 650 |
0 |
7 |
|a televízory
|x inštalácia
|x opravy
|x príručky
|2 SNK
|9 739804
|
| 655 |
|
7 |
|a príručky
|2 SNKPH
|9 74364
|
| 830 |
|
0 |
|a Edícia elektrotechnickej literatúry
|9 270875
|
| 852 |
|
|
|a Slovenská národná knižnica v Martine
|b 10000
|h SC 17295
|
| 852 |
|
|
|a Slovenská národná knižnica v Martine
|b 10000
|h SC 17295 D1
|
| 919 |
|
|
|a viaz.
|
| 958 |
|
|
|a OND
|
| 958 |
|
|
|a TL
|
| 958 |
|
|
|a NB
|
| 958 |
|
|
|a RK
|
| 999 |
|
|
|c 1164552
|d 1166482
|
| 952 |
|
|
|a SNK
|b SNK
|y PREZ
|7 0
|p 17A0616883
|o snkSD 17295
|i snkKSP 1925/59
|0 0
|1 0
|4 0
|d 2009-05-07
|l 0
|r 2025-12-01 00:00:00
|w 2026-02-24
|